Learners with Disabilities: A Social Systems Perspective of Special Education (Record no. 2413)

MARC details
005 - DATE AND TIME OF LATEST TRANSACTION
control field 20250516134657.0
020 ## - INTERNATIONAL STANDARD BOOK NUMBER
International Standard Book Number 0-697-15370-3
082 ## - DEWEY DECIMAL CLASSIFICATION NUMBER
Classification number LECT 371.904 SHE
100 ## - MAIN ENTRY--PERSONAL NAME
Author name SHEA, T. M.
245 ## - TITLE STATEMENT
Title Learners with Disabilities: A Social Systems Perspective of Special Education
260 ## - PUBLICATION, DISTRIBUTION, ETC.
Place of publication, distribution, etc. Madison,
Name of publisher, distributor, etc. WCB Brown & Benchmark Publishers,
Date of publication, distribution, etc. 1994.
300 ## - PHYSICAL DESCRIPTION
Extent xxvi, 493p.: ill.; figure, picture, table.
Other physical details Glossary, Index & Reference.
Dimensions 27cm.
700 ## - ADDED ENTRY--PERSONAL NAME
Other authors/Editors BAUER, A. M.
942 ## - ADDED ENTRY ELEMENTS (KOHA)
Source of classification or shelving scheme Dewey Decimal Classification
Koha item type Books
Holdings
Date last seen Total checkouts Full call number Barcode Cost, replacement price Price effective from Koha item type Lost status Source of classification or shelving scheme Damaged status Not for loan Withdrawn status Home library Current library Shelving location Date acquired Cost, normal purchase price
05/16/2025   LECT 371.904 SHE 0000009068 30000.00 05/16/2025 Books   Dewey Decimal Classification       College of Business Education Main Library College of Business Education Main Library General Collection 09/06/2000 10000.00
05/16/2025   LECT 371.904 SHE 0000009069 30000.00 05/16/2025 Books   Dewey Decimal Classification       College of Business Education Main Library College of Business Education Main Library General Collection 09/06/2000 10000.00